Welcome to CU Library Online Public Access Catalogue (OPAC)

Finite Mathematics with calculus (Record no. 442)

MARC details
000 -LEADER
fixed length control field 00564nam a22001817a 4500
005 - DATE AND TIME OF LATEST TRANSACTION
control field 20241031112642.0
008 - FIXED-LENGTH DATA ELEMENTS--GENERAL INFORMATION
fixed length control field 241031b |||||||| |||| 00| 0 eng d
020 ## - INTERNATIONAL STANDARD BOOK NUMBER
International Standard Book Number 9780070293526
050 ## - LIBRARY OF CONGRESS CALL NUMBER
Classification number QA37.2 HOF
100 ## - MAIN ENTRY--PERSONAL NAME
Personal name Hoffman, Laurence D.
245 ## - TITLE STATEMENT
Title Finite Mathematics with calculus
Statement of responsibility, etc. Laurence D. Hoffman & Gerald L. Bradley
250 ## - EDITION STATEMENT
Edition statement 2nd Ed.
260 ## - PUBLICATION, DISTRIBUTION, ETC.
Place of publication, distribution, etc. New York
Name of publisher, distributor, etc. McGraw- Hill, Inc
Date of publication, distribution, etc. 1995
300 ## - PHYSICAL DESCRIPTION
Extent xvii.1018pages
Other physical details ill. some color
Dimensions 24cm
650 ## - SUBJECT ADDED ENTRY--TOPICAL TERM
Source of heading or term Finite mathematics and calculus
700 ## - ADDED ENTRY--PERSONAL NAME
Personal name Bradley, Gerald L.
942 ## - ADDED ENTRY ELEMENTS (KOHA)
Source of classification or shelving scheme Library of Congress Classification
Koha item type Books
Edition 2nd Ed.
Suppress in OPAC No
999 ## -
-- 442
-- 442
Holdings
Withdrawn status Lost status Source of classification or shelving scheme Damaged status Not for loan Collection Home library Current library Shelving location Date acquired Total checkouts Full call number Barcode Date last seen Copy number Price effective from Koha item type
    Library of Congress Classification     Non-fiction Science Library (Miotso) Science Library (Miotso) General stacks 10/31/2024   QA37.2 HOF SLM00000239 10/31/2024 1 10/31/2024 Books
    Library of Congress Classification     Non-fiction Science Library (Miotso) Science Library (Miotso) General stacks 10/31/2024   QA37.2 HOF SLM00000240 10/31/2024 2 10/31/2024 Books
    Library of Congress Classification     Non-fiction Science Library (Miotso) Science Library (Miotso) General stacks 10/31/2024   QA37.2 HOF SLM00000241 10/31/2024 3 10/31/2024 Books
    Library of Congress Classification     Non-fiction Science Library (Miotso) Science Library (Miotso) General stacks 10/31/2024   QA37.2 HOF SLM00000242 10/31/2024 4 10/31/2024 Books
    Library of Congress Classification     Non-fiction Science Library (Miotso) Science Library (Miotso) General stacks 10/31/2024   QA37.2 HOF SLM00000243 10/31/2024 5 10/31/2024 Books
    Library of Congress Classification     Non-fiction Science Library (Miotso) Science Library (Miotso) General stacks 10/31/2024   QA37.2 HOF SLM00000244 10/31/2024 6 10/31/2024 Books
© 2023-2024 Copyright: Central University Libraries. All Rights Reserved | Created by: Mahone Tech Office